000 00646nam a2200229Ia 4500
003 OSt
005 20221005133839.0
006 a|||||r|||| 00| 0
007 ta
008 221004b |||||||| |||| 00| 0 pan d
024 _a27774
037 _cTextual
040 _aCRL
_cCRL
_bpan
041 _2pan
_apan
082 _aV2y7N26, 153L6
100 _aਰਾਮ ਨਰੈਣ ਸਿੰਘ
245 0 _aਵਾਰ ਗੇਆ ਦਾ ਜੇਤੂ
260 _c1976
650 _aਭਾਰਤੀਯ ਇਤਿਹਾਸ
942 _hV2y7N26, 153L6
_cTEXL
_2cc
999 _c1068080
_d1068080